00327 a2200145 4500003000500000005001700005040000900022082001200031100001900043245003100062260003500093300002400128600001900152650001000171Nust20230525121403.0 cNust a823,BUC aS. Buck, Pearl aThe patriotcPearl S. Buck aLondonbMethuen & Co Ltdc1939 a371 pbillusc18 cm aS. Buck, Pearl aNovel